Random Oldest City to Country - Statistics

General Stats
  • This quiz has been taken 70 times
  • The average score is 10 of 20
Answer Stats
Hint Answer % Correct
Durrës Albania
100%
Luanda Angola
100%
Sydney Australia
100%
Tiahuanaco Bolivia
100%
Gaborone Botswana
100%
Phnom Penh Cambodia
100%
Santiago Chile
100%
Luoyang China
100%
Kinshasa Democratic Republic of the Congo
100%
Quito Ecuador
100%
Tallinn Estonia
100%
Marseille France
100%
Athens Greece
100%
Reykjavik Iceland
100%
Palembang Indonesia
100%
Waterford Ireland
100%
Amman Jordan
100%
Ludza Latvia
100%
Karakorum Mongolia
100%
Christchurch New Zealand
100%
Niamey Niger
100%
Bitola North Macedonia
100%
Tønsberg Norway
100%
Asunción Paraguay
100%
Constanța Romania
100%
Kigali Rwanda
100%
Cape Town South Africa
100%
Paramaribo Suriname
100%
Sigtuna Sweden
100%
Colchester United Kingdom
100%
Yerevan Armenia
88%
Aksum Ethiopia
86%
Dhaka Bangladesh
83%
Libreville Gabon
80%
Nis Serbia
80%
Plovdiv Bulgaria
75%
Varanasi India
75%
Puebla Mexico
75%
Kano Nigeria
75%
Mogadishu Somalia
75%
Göbekli Turkey
75%
Kiev Ukraine
75%
Damascus Syria
71%
Santiago del Estero Argentina
67%
Ribe Denmark
67%
Byblos Lebanon
67%
Wadi Fés Morocco
67%
Cadiz Spain
67%
Anuradhapura Sri Lanka
67%
St. Augustine United States
67%
Eridu Iraq
60%
Faiyum Egypt
57%
Constantine Algeria
50%
Polatsk Belarus
50%
São Vicente Brazil
50%
Nin Croatia
50%
Hradec Czechia
50%
Turku Finland
50%
Mtskheta Georgia
50%
Trier Germany
50%
Szombathely Hungary
50%
Fukuoka Japan
50%
Nijmegen Netherlands
50%
Braga Portugal
50%
Samarkand Uzbekistan
50%
Djenné Mali
43%
Hallstatt Austria
40%
Tabuk Saudi Arabia
40%
Saint John Canada
33%
Echternach Luxembourg
33%
Dubăsari Moldova
33%
Swakopmund Namibia
33%
Derbent Russia
33%
Tainan Taiwan
33%
Colonia del Sacramento Urugauy
33%
Masvingo Zimbabwe
33%
Goroka Papua New Guinea
29%
Caral Peru
25%
Nitra Slovakia
25%
Osh Kyrgyzstan
20%
Multan Pakistan
20%
Bizerte Tunisia
20%
Hamedan Iran
17%
Chur Switzerland
14%
Tongeren Belgium
0%
Santa Maria Colombia
0%
Cartago Costa Rica
0%
Baracoa Cuba
0%
Comayagua Honduras
0%
Matera Italy
0%
Taraz Kazakhstan
0%
Lamu Town Kenya
0%
Kėdainiai Lithuania
0%
Inhambane Mozambique
0%
Lalitpur Nepal
0%
Ibra Oman
0%
Gniezno Poland
0%
Ptuj Slovenia
0%
Khujand Tajikistan
0%
Cumaná Venezuela
0%
No matching quizzes found
Score Distribution
Percent of People with Each Score
Percentile by Number Answered
Your Score History
You have not taken this quiz